<?xml version="1.0" encoding="UTF-8"?>
<collection xmlns="http://www.loc.gov/MARC21/slim">
 <record>
  <leader>01103nam a2200229 a 4500</leader>
  <controlfield tag="001">1/37763</controlfield>
  <controlfield tag="008">090629s2007    mau      b    001 0 eng  </controlfield>
  <datafield tag="020" ind1=" " ind2=" ">
   <subfield code="a">9780444529527</subfield>
  </datafield>
  <datafield tag="035" ind1=" " ind2=" ">
   <subfield code="l">40377</subfield>
  </datafield>
  <datafield tag="040" ind1=" " ind2=" ">
   <subfield code="a">DLC</subfield>
   <subfield code="c">DLC</subfield>
   <subfield code="d">DLC</subfield>
   <subfield code="d">GR-PeUP</subfield>
  </datafield>
  <datafield tag="041" ind1="0" ind2=" ">
   <subfield code="a">eng</subfield>
  </datafield>
  <datafield tag="245" ind1="0" ind2="0">
   <subfield code="a">Polynyas</subfield>
   <subfield code="h">[electronic resource] :</subfield>
   <subfield code="b">windows to the world /</subfield>
   <subfield code="c">edited by H. Kawahata and Y. Awaya.</subfield>
  </datafield>
  <datafield tag="260" ind1=" " ind2=" ">
   <subfield code="a">Boston, MA :</subfield>
   <subfield code="b">Elsevier B. V.,</subfield>
   <subfield code="c">2007.</subfield>
  </datafield>
  <datafield tag="300" ind1=" " ind2=" ">
   <subfield code="a">Ένα html e-book.</subfield>
  </datafield>
  <datafield tag="490" ind1="1" ind2=" ">
   <subfield code="a">Elsevier oceanography series ;</subfield>
  </datafield>
  <datafield tag="533" ind1=" " ind2=" ">
   <subfield code="a">Ηλεκτρονικά βιβλία</subfield>
   <subfield code="b">Τρόπος πρόσβασης μέσω διαδικτύου.</subfield>
  </datafield>
  <datafield tag="650" ind1=" " ind2="4">
   <subfield code="a">Polynyas</subfield>
   <subfield code="x">Congresses.</subfield>
  </datafield>
  <datafield tag="650" ind1=" " ind2="4">
   <subfield code="a">Oceanography.</subfield>
  </datafield>
  <datafield tag="830" ind1=" " ind2=" ">
   <subfield code="a">Elsevier oceanography series ;</subfield>
   <subfield code="v">74.</subfield>
  </datafield>
  <datafield tag="852" ind1=" " ind2=" ">
   <subfield code="a">INST</subfield>
   <subfield code="b">UNIPILB</subfield>
   <subfield code="c">EBOOKS</subfield>
   <subfield code="e">20100623</subfield>
   <subfield code="p">00b40377</subfield>
   <subfield code="q">00b40377</subfield>
   <subfield code="t">ONLINE</subfield>
   <subfield code="y">0</subfield>
  </datafield>
  <datafield tag="856" ind1="4" ind2="0">
   <subfield code="u">http://www.sciencedirect.com/science?_ob=PublicationURL&amp;_tockey=%23TOC%2340094%232007%23999259999%23657308%23FLA%23&amp;_cdi=40094&amp;_pubType=BS&amp;_auth=y&amp;_acct=C000061474&amp;_version=1&amp;_urlVersion=0&amp;_userid=3828026&amp;md5=7139c9e5cdcc260a3cafe93ad7223fb0</subfield>
  </datafield>
  <datafield tag="856" ind1="4" ind2=" ">
   <subfield code="d">/webopac/covers/02/40377_9780444529527.jpg</subfield>
  </datafield>
 </record>
</collection>
